Nauru Quiz - Statistics

General Stats
  • This quiz has been taken 623 times
  • The average score is 8 of 15
Answer Stats
Question Answer % Correct
How many airports does Nauru have? 1
95%
Is it north or south of the equator? South
70%
The shape of Nauru is mostly described as Oval
67%
What side of the road does it drive on? Left
63%
Name one of the three largest industries in Nauru. Phosophate mining, offshore banking, and cononuts
63%
How many tourists visit Nauru per year? 200
58%
What year did it become independent? 1968
56%
What percentage of mines are operated by Nauruans? 10%
52%
What year did it join the UN? 1999
52%
What is Nauru's currency? Australian dollar
50%
In what year was Nauru annexed by Germany? 1888
49%
What is the national religion? Christianity
49%
What year was Nauru discovered? 1798
36%
The United States embassy to Nauru is in the nation of Fiji
33%
What is the largest city of Nauru? Denigomodu
30%
No matching quizzes found
Score Distribution
Percent of People with Each Score
Percentile by Number Answered
Your Score History
You have not taken this quiz